[Event "Large Candidates Tournament"]
[Site "SchemingMind.com"]
[Date "2007.08.23"]
[Round "-"]
[White "Kojot"]
[Black "cnbcad"]
[Result "0-1"]
[WhiteCountry "POL"]
[BlackCountry "USA"]
[WhiteElo "1075"]
[WhiteRD "101"]
[BlackElo "1558"]
[BlackRD "56"]
[GameID "117669"]

1. e4 e5 2. a3 d5 3. exd5 Qxd5 4. Nc3 Qd4 5. Nf3 Qf4 6. Bb5+ c6 7. Ba4 e4 8. g3 Qxf3 9. Qxf3 exf3 10. d3 Bh3
11. Be3 Bg2 12. Rg1 Nf6
0-1

[Event "Large Candidates Tournament"]
[Site "SchemingMind.com"]
[Date "2007.08.23"]
[Round "-"]
[White "kingpatzer"]
[Black "cnbcad"]
[Result "0-1"]
[WhiteCountry "ENG"]
[BlackCountry "USA"]
[WhiteElo "1308"]
[WhiteRD "102"]
[BlackElo "1558"]
[BlackRD "56"]
[GameID "117670"]

1. e4 e5 2. Nf3 Nc6 3. Bc4 Bc5 4. b4 Nxb4 5. c3 d5 6. cxb4 Bxf2+ 7. Kxf2 dxc4 8. Qc2 Bg4 9. Qxc4 Nf6 10. d3 O-O
11. Nxe5 c6 12. Bg5 Qb6+ 13. Kf1 Be6
0-1

[Event "Large Candidates Tournament"]
[Site "SchemingMind.com"]
[Date "2007.08.23"]
[Round "-"]
[White "chessleon"]
[Black "cnbcad"]
[Result "0-1"]
[WhiteCountry "NED"]
[BlackCountry "USA"]
[WhiteElo "1625"]
[WhiteRD "87"]
[BlackElo "1558"]
[BlackRD "56"]
[GameID "117682"]

1. e4 e5 2. Nf3 Nc6 3. Bb5 d6 4. h3 Bd7 5. c3 a6 6. Ba4 b5 7. Bb3 h6 8. d4 exd4 9. cxd4 Nf6 10. Bc2 Be7
11. Nbd2 O-O 12. O-O Qc8 13. Re1 Bxh3 14. gxh3 Qxh3 15. Nf1 Ng4 16. Ng3 Bh4 17. Bf4 g5 18. Nf5 Bxf2#
0-1

[Event "Large Candidates Tournament"]
[Site "SchemingMind.com"]
[Date "2007.08.23"]
[Round "-"]
[White "chessleon"]
[Black "Negrito19"]
[Result "1-0"]
[WhiteCountry "NED"]
[BlackCountry "ARG"]
[WhiteElo "1642"]
[WhiteRD "78"]
[BlackElo "1655"]
[BlackRD "64"]
[GameID "117683"]

1. c4 e5 2. Nc3 Nf6 3. g3 d5 4. cxd5 Nxd5 5. Bg2 Nxc3 6. bxc3 Bc5 7. e3 c6 8. d4 exd4 9. cxd4 Bb4+ 10. Bd2 Qa5
11. Nf3 Bg4 12. Bxb4 Qxb4+ 13. Qd2 Qxd2+ 14. Kxd2 O-O 15. Rab1 b6 16. Ne5 Bf5 17. Rbc1 Bd7 18. Nxd7 Nxd7 19. Bxc6 Rad8 20. Bxd7 Rxd7
21. Rc6 Rd5 22. Rc7 a5 23. Rb1 Rb8 24. Kd3 Rh5 25. h4 b5 26. Rc5 Rxc5 27. dxc5 Rd8+ 28. Ke4 b4 29. Rc1 Rd2 30. c6 Rxa2
31. c7 f5+ 32. Kf3 b3 33. c8=Q+ Kf7 34. Rc7+ Kg6 35. Qe8+ Kh6 36. Rc6+ g6 37. Qf8+ Kh5 38. Qg7 b2 39. Qxh7#
1-0

[Event "Large Candidates Tournament"]
[Site "SchemingMind.com"]
[Date "2007.08.23"]
[Round "-"]
[White "chessleon"]
[Black "tacticrules"]
[Result "1-0"]
[WhiteCountry "NED"]
[BlackCountry "GER"]
[WhiteElo "1642"]
[WhiteRD "78"]
[BlackElo "1454"]
[BlackRD "49"]
[GameID "117684"]

1. c4 Nf6 2. d4 e6 3. g3 d5 4. Nf3 Be7 5. Bg2 O-O 6. cxd5 exd5 7. Nc3 c6 8. O-O Bg4 9. e3 Nbd7 10. Bd2 Qb6
11. Qc2 Rfe8 12. b3 Rad8 13. Na4 Qc7 14. h3 Bxf3 15. Bxf3 h6 16. Bg2 Nf8 17. Nb2 Ng6 18. Nd3 a6 19. Nc5 Bxc5 20. Qxc5 Ne4
21. Qc2 Nxd2 22. Qxd2 Re7 23. Rac1 Qd7 24. Rfe1 Rde8 25. Qd3 Nf8 26. e4 dxe4 27. Rxe4
1-0

[Event "Large Candidates Tournament"]
[Site "SchemingMind.com"]
[Date "2007.08.23"]
[Round "-"]
[White "chessleon"]
[Black "jorge47"]
[Result "1/2-1/2"]
[WhiteCountry "NED"]
[BlackCountry "ARG"]
[WhiteElo "1642"]
[WhiteRD "78"]
[BlackElo "1578"]
[BlackRD "72"]
[GameID "117685"]

1. e4 c5 2. Nf3 d6 3. d4 cxd4 4. Nxd4 Nf6 5. Nc3 e6 6. f4 Nc6 7. Be3 a6 8. Be2 Be7 9. O-O O-O 10. Qd2 Qc7
11. f5 Nxd4 12. Bxd4 exf5 13. Bxf6 Bxf6 14. Nd5 Qc5+ 15. Kh1 Bxb2 16. Rab1 Bd4 17. c3 Be5 18. Bf3 fxe4 19. Bxe4 Be6 20. c4 Qxc4
21. Bf3 Kh8 22. Rfc1 Qh4 23. h3 Bxd5 24. Bxd5 Bf4 25. Qe1 Qxe1+ 26. Rxe1 Rab8 27. Rxb7 Rxb7 28. Bxb7 a5 29. Bc6 Be5 30. Re4 f5
31. Ra4 Bc3 32. Rc4 Be5 33. Ra4 Bc3 34. Rc4=
1/2-1/2

[Event "Large Candidates Tournament"]
[Site "SchemingMind.com"]
[Date "2007.08.23"]
[Round "-"]
[White "chessleon"]
[Black "Dannibal"]
[Result "1-0"]
[WhiteCountry "NED"]
[BlackCountry "BEL"]
[WhiteElo "1588"]
[WhiteRD "92"]
[BlackElo "781"]
[BlackRD "104"]
[GameID "117686"]

1. e4 d6 2. d4 g5 3. Bxg5 Nf6 4. Nf3 Nxe4 5. Bf4 Bg7 6. c3 h5 7. Bd3 Nxf2 8. Kxf2 c5 9. d5 Qb6 10. Qd2 Rh6
11. Bxh6 Kf8 12. Bxg7+ Kxg7 13. Qg5+ Kf8 14. Qxh5 Nd7 15. Qh8#
1-0

[Event "Large Candidates Tournament"]
[Site "SchemingMind.com"]
[Date "2007.08.24"]
[Round "-"]
[White "chessleon"]
[Black "theflame"]
[Result "0-1"]
[WhiteCountry "NED"]
[BlackCountry "EGY"]
[WhiteElo "1642"]
[WhiteRD "78"]
[BlackElo "1840"]
[BlackRD "100"]
[GameID "117687"]

1. d4 Nf6 2. c4 e6 3. g3 d5 4. Nf3 dxc4 5. Qa4+ c6 6. Qxc4 b5 7. Qc2 Bb7 8. Bg2 a6 9. a4 Nbd7 10. Bg5 Be7
11. O-O Rc8 12. axb5 cxb5 13. Qb3 O-O 14. Nc3 Rc4 15. e3 h6 16. Bxf6 Bxf6 17. Rac1 Qe7 18. Ne2 Rfc8 19. Rc3 Nb6 20. Rfc1 Qc7
21. Ne5 Bxg2 22. Kxg2 Bxe5 23. dxe5 Qxe5 24. Rxc4 Rxc4 25. Rd1 Nd5 26. Nd4 Qc7 27. Rd2 Rb4 28. Qc2 Rc4 29. Qd3 Nb4 30. Qe4 e5
31. Qa8+ Kh7 32. Nf3 e4 33. Nd4 Qe7 34. Nf5 Qf6 35. Nd4 Qg6 36. Qb7 Nd3 37. b3 Ne1+ 38. Kf1 Rc1 39. Ke2 Qh5+ 40. f3 Qxh2+
41. Kf1 Qh1+ 42. Kf2 Qg2#
0-1

[Event "Large Candidates Tournament"]
[Site "SchemingMind.com"]
[Date "2007.08.23"]
[Round "-"]
[White "chessleon"]
[Black "Inkvizitor"]
[Result "1-0"]
[WhiteCountry "NED"]
[BlackCountry "CRO"]
[WhiteElo "1625"]
[WhiteRD "87"]
[BlackElo "1591"]
[BlackRD "125"]
[GameID "117688"]

1. Nf3 Nf6 2. c4 c5 3. d4 cxd4 4. Nxd4 Nc6 5. Nc3 e6 6. e4 Bb4 7. f3 O-O 8. Nxc6 bxc6 9. Bd2 e5 10. Be2 Bc5
11. Na4 Bd4 12. Bc3 Bxc3+ 13. Nxc3 Rb8 14. b3 Bb7 15. O-O
1-0

[Event "Large Candidates Tournament"]
[Site "SchemingMind.com"]
[Date "2007.08.23"]
[Round "-"]
[White "chessleon"]
[Black "Kojot"]
[Result "1-0"]
[WhiteCountry "NED"]
[BlackCountry "POL"]
[WhiteElo "1625"]
[WhiteRD "87"]
[BlackElo "1075"]
[BlackRD "101"]
[GameID "117689"]

1. c4 b6 2. d4 h6 3. Nf3 g6 4. g3 Bb7 5. Bg2 Bg7 6. O-O g5 7. h3 e6 8. Nc3 Nf6 9. Re1 g4 10. hxg4 Nxg4
11. e4 d6 12. Be3 h5 13. d5
1-0

[Event "Large Candidates Tournament"]
[Site "SchemingMind.com"]
[Date "2007.08.23"]
[Round "-"]
[White "chessleon"]
[Black "kingpatzer"]
[Result "1-0"]
[WhiteCountry "NED"]
[BlackCountry "ENG"]
[WhiteElo "1625"]
[WhiteRD "87"]
[BlackElo "1308"]
[BlackRD "102"]
[GameID "117690"]

1. Nf3 Nf6 2. c4 c6 3. d4 d5 4. e3 e6 5. Bd3 dxc4 6. Bxc4 Nbd7 7. O-O Bd6 8. Nc3 O-O 9. e4 e5 10. Be3 Qe7
11. Bd3 Ng4 12. Bg5 f6 13. Bh4
1-0

[Event "Large Candidates Tournament"]
[Site "SchemingMind.com"]
[Date "2007.08.24"]
[Round "-"]
[White "cnbcad"]
[Black "chessleon"]
[Result "0-1"]
[WhiteCountry "USA"]
[BlackCountry "NED"]
[WhiteElo "1506"]
[WhiteRD "56"]
[BlackElo "1654"]
[BlackRD "83"]
[GameID "117691"]

1. e4 c5 2. Bb5 a6 3. Ba4 b5 4. Bb3 c4 5. Bxc4 bxc4 6. Qf3 Bb7 7. Nh3 Nf6 8. d3 cxd3 9. Qxd3 Nxe4 10. Nd2 d5
11. Nxe4 dxe4 12. Qxd8+ Kxd8 13. O-O e6 14. Ng5 Ke8 15. Re1 Be7 16. Nxe4 Bxe4 17. Rxe4 Nd7 18. g3 Nf6 19. Re3 Rd8 20. Re1 Bc5
21. Bg5 Bd4 22. c3 Bb6 23. b4 Ke7 24. a4 Rd5 25. h4 Rf5 26. a5 Bxf2+ 27. Kg2 Bxe1 28. Rxe1 Rd8 29. Rc1 h6 30. Be3 Ng4
31. Bd4 e5 32. Bc5+ Ke8 33. Bb6 Rd2+ 34. Kh3 Nf2+
0-1

[Event "Large Candidates Tournament"]
[Site "SchemingMind.com"]
[Date "2007.08.24"]
[Round "-"]
[White "Negrito19"]
[Black "chessleon"]
[Result "1-0"]
[WhiteCountry "ARG"]
[BlackCountry "NED"]
[WhiteElo "1655"]
[WhiteRD "64"]
[BlackElo "1642"]
[BlackRD "78"]
[GameID "117692"]

1. e4 c6 2. Nf3 d5 3. exd5 cxd5 4. d4 Bg4 5. Bf4 Nc6 6. Bb5 a6 7. Bxc6+ bxc6 8. h3 Bxf3 9. Qxf3 Nf6 10. Nc3 e6
11. O-O Be7 12. Qg3 Rc8 13. Na4 c5 14. dxc5 Bxc5 15. Qxg7 Rg8 16. Qh6 Rg6 17. Qh4 Be7 18. b3 Rxc2 19. Be5 h6 20. Bxf6 Bxf6
21. Qb4 Bxa1 22. Rxa1 Rf6 23. f3 d4 24. Nc5 Qc8 25. Qa4+ Ke7 26. b4 Re2 27. Rd1 e5 28. Ne4 Rc6 29. Nc5 f5 30. f4 Kd6
31. fxe5+ Rxe5 32. Rxd4+ Kc7 33. Rd7+ Kb8 34. Rb7+ Ka8 35. b5 Re1+ 36. Kf2 Re2+ 37. Kxe2 Qe8+ 38. Kf1 Rd6 39. bxa6 Qxa4 40. Nxa4 Rxa6
41. Rb4 Rc6 42. Nb2 Ka7 43. a4 Rc2 44. Nc4
1-0

[Event "Large Candidates Tournament"]
[Site "SchemingMind.com"]
[Date "2007.08.24"]
[Round "-"]
[White "tacticrules"]
[Black "chessleon"]
[Result "0-1"]
[WhiteCountry "GER"]
[BlackCountry "NED"]
[WhiteElo "1454"]
[WhiteRD "49"]
[BlackElo "1642"]
[BlackRD "78"]
[GameID "117693"]

1. e4 d6 2. d4 Nf6 3. Nc3 g6 4. Nf3 Bg7 5. h3 c6 6. Be3 O-O 7. Qd2 Nbd7 8. O-O-O Qc7 9. Bd3 e5 10. Rhe1 b5
11. a3 exd4 12. Nxd4 Ne5 13. f4 Nxd3+ 14. cxd3 c5 15. Ndxb5 Qc6 16. e5 dxe5 17. fxe5 Nd7 18. Nd6 Nxe5 19. Nde4 Bf5 20. g4 Bxe4
21. Nxe4 Rad8 22. Qa5 Nxd3+ 23. Rxd3 Rxd3 24. Nxc5 Rd5 25. Qa4 Rxc5+ 26. Bxc5 Qxa4
0-1

[Event "Large Candidates Tournament"]
[Site "SchemingMind.com"]
[Date "2007.08.24"]
[Round "-"]
[White "jorge47"]
[Black "chessleon"]
[Result "0-1"]
[WhiteCountry "ARG"]
[BlackCountry "NED"]
[WhiteElo "1552"]
[WhiteRD "83"]
[BlackElo "1588"]
[BlackRD "92"]
[GameID "117694"]

1. e4 e5 2. Nf3 Nc6 3. Bb5 a6 4. Ba4 Nf6 5. d3 Be7 6. O-O b5 7. Bb3 O-O 8. Nbd2 d6 9. h3 Na5 10. c4 bxc4
11. dxc4 Nxb3 12. Qxb3 Be6 13. Qc3 c5 14. Ng5 Qd7 15. Nxe6 Qxe6 16. f4 exf4 17. Rxf4 Nh5 18. Rf3 Bf6 19. Qe3 Bd4
0-1

[Event "Large Candidates Tournament"]
[Site "SchemingMind.com"]
[Date "2007.08.24"]
[Round "-"]
[White "Dannibal"]
[Black "chessleon"]
[Result "0-1"]
[WhiteCountry "BEL"]
[BlackCountry "NED"]
[WhiteElo "873"]
[WhiteRD "109"]
[BlackElo "1642"]
[BlackRD "78"]
[GameID "117695"]

1. d4 Nf6 2. Nc3 d5 3. Bg5 e6 4. g3 c6 5. e3 Nbd7 6. a4 Be7 7. Ra3 Bxa3 8. Qb1 Be7 9. Qa2 O-O 10. Nf3 h6
11. Bxf6 Nxf6 12. Bh3 Qc7 13. O-O g5 14. Nd2 g4 15. Bg2 e5 16. f4 e4 17. h4 gxh3 18. Bxh3 Bxh3 19. Rf2 Be6 20. Rh2 Kg7
21. b4 Bxb4 22. Ncb1 a5 23. Nb3 Ng4 24. c3 Be7 25. Rh4 Bxh4 26. gxh4 Nxe3 27. Nc5 Qxf4 28. Qe2 Bg4 29. Qf2 Bf3 30. Qxe3 Qxe3+
31. Kf1 Qe2+ 32. Kg1 Qg2#
0-1

[Event "Large Candidates Tournament"]
[Site "SchemingMind.com"]
[Date "2007.08.24"]
[Round "-"]
[White "theflame"]
[Black "chessleon"]
[Result "1-0"]
[WhiteCountry "EGY"]
[BlackCountry "NED"]
[WhiteElo "1840"]
[WhiteRD "100"]
[BlackElo "1642"]
[BlackRD "78"]
[GameID "117696"]

1. g3 d5 2. Nf3 c6 3. Bg2 Nf6 4. O-O g6 5. d4 Bg7 6. b3 O-O 7. Bb2 Bg4 8. Ne5 Nbd7 9. Nxg4 Nxg4 10. h3 Ngf6
11. Nd2 Qc7 12. e4 e5 13. dxe5 Nxe5 14. f4 Ned7 15. e5 Ne8 16. c4 Nb6 17. Rc1 Qe7 18. cxd5 cxd5 19. Nf3 Nc7 20. Bd4 Ne6
21. Bxb6 axb6 22. a4 Qb4 23. Qxd5 Rfd8 24. Qc4 Qe7 25. Qb5 Ra6 26. Rfd1 Nc5 27. Ng5 Bxe5 28. Rxd8+ Qxd8 29. Bxb7 Ra5 30. Qc6 Bd4+
31. Kg2 Qe7 32. Qc8+ Kg7 33. Bf3 Nxb3 34. Rc7 Qb4 35. Rxf7+ Kh6 36. Rxh7#
1-0

[Event "Large Candidates Tournament"]
[Site "SchemingMind.com"]
[Date "2007.08.24"]
[Round "-"]
[White "Inkvizitor"]
[Black "chessleon"]
[Result "0-1"]
[WhiteCountry "CRO"]
[BlackCountry "NED"]
[WhiteElo "1401"]
[WhiteRD "96"]
[BlackElo "1642"]
[BlackRD "78"]
[GameID "117697"]

1. c4 Nf6 2. Nc3 g6 3. d4 Bg7 4. e4 d6 5. f3 Nbd7 6. Be3 c6 7. Nge2 O-O 8. Qd2 e5 9. d5 c5 10. g4 Ne8
11. Ng3 Ndf6 12. O-O-O a6 13. h4 h6 14. g5 hxg5 15. hxg5 Nd7
0-1

[Event "Large Candidates Tournament"]
[Site "SchemingMind.com"]
[Date "2007.08.24"]
[Round "-"]
[White "Kojot"]
[Black "chessleon"]
[Result "0-1"]
[WhiteCountry "POL"]
[BlackCountry "NED"]
[WhiteElo "1075"]
[WhiteRD "101"]
[BlackElo "1625"]
[BlackRD "87"]
[GameID "117698"]

1. e4 c5 2. Bc4 e6 3. a3 Nc6 4. Nf3 Qc7 5. d3 Nf6 6. Nc3 a6 7. Qe2 Be7 8. Bg5 b5 9. Bb3 d6 10. h3 Bb7
11. Bf4 O-O 12. g4 Nd7 13. Bg5 Nf6
0-1

[Event "Large Candidates Tournament"]
[Site "SchemingMind.com"]
[Date "2007.08.24"]
[Round "-"]
[White "kingpatzer"]
[Black "chessleon"]
[Result "0-1"]
[WhiteCountry "ENG"]
[BlackCountry "NED"]
[WhiteElo "1308"]
[WhiteRD "102"]
[BlackElo "1625"]
[BlackRD "87"]
[GameID "117699"]

1. e4 Nf6 2. Nc3 d6 3. d4 g6 4. f3 Bg7 5. Be3 O-O 6. Qd2 c6 7. O-O-O b5 8. Kb1 b4 9. Nce2 a5 10. h4 Be6
11. g4 Bc4 12. Ng3 Bxf1 13. Nxf1 Nbd7
0-1